000 01056nam a22002417a 4500
005 20250210075821.0
008 250210t ||||| |||| 00| 0 spa d
020 _a9789587915808
040 _aCO-BoUCM
_cDavid Moreno
_dDavid Moreno
041 _aspa
100 1 _aGüechá Medina, Ciro Nolberto
_981118
245 1 0 _aContratos administrativos
_bcontrol de legalidad en el procedimiento administrativo de contratación
_cCiro Nolberto Güechá Medina Ph.D, Jessica Tatiana Güechá Torres Mg. Ph.D.
250 _a4a. Ed
260 _aBogotá, Colombia
_bGrupo Editorial Ibañez
_c2022
300 _a535 Paginas
501 _aContiene datos curriculares de los autores
504 _aIncluye referencias bibliográficas
650 1 4 _aContratos públicos
_xAspectos juridicos
_zColombia
_9174804
650 1 4 _aContratos administrativos
_xAspectos juridicos
_zColombia
_9179217
650 1 4 _aProcedimiento administrativo
_zColombia
_935079
942 _2DEWEY
_a8
_cLIBRO
_e4
_h346.861023
_mG924c
_n0
999 _c325136
_d325136